| 000 | 00693nam a2200253Ia 4500 | ||
|---|---|---|---|
| 003 | OSt | ||
| 005 | 20221005025713.0 | ||
| 006 | a|||||r|||| 00| 0 | ||
| 007 | ta | ||
| 008 | 221004b |||||||| |||| 00| 0 eng d | ||
| 024 | _a60928 | ||
| 037 | _cTextual | ||
| 040 |
_aCRL _cCRL _beng |
||
| 041 |
_2eng _aeng |
||
| 082 | _aU8.433'N9, N7 | ||
| 100 |
_aO'relley James Ed. _9582055 |
||
| 245 | 0 | _aTraveller's tales Thailand | |
| 260 |
_aCalifornia _bO'Relley Habegger _c1997 |
||
| 300 |
_a460p. _ccm. |
||
| 650 | _aGEOGRAPHY | ||
| 700 |
_a Habegger Larry _9582056 |
||
| 942 |
_hU8.433'N9, N7 _cTEXL _2cc |
||
| 999 |
_c935147 _d935147 |
||